Max Weber: algunos aportes y desafíos

Salvato in:
Dettagli Bibliografici
Autore principale: Moreno Beauchemin, Ernesto (autor)
Natura: Libro
Lingua:spagnolo
Pubblicazione: Santiago Atena 1988
Soggetti:
Tags: Aggiungi Tag
Nessun Tag, puoi essere il primo ad aggiungerne!!

MARC

LEADER 00000nam a2200000 a 4500
001 UCW9433
003 CL-VaPUC
008 890418e19880000CL |||||||||||||||||spa|d
082 0 4 |a 301  |b MOR  |2 21 
100 |a Moreno Beauchemin, Ernesto  |e autor  |9 340717 
245 1 0 |a Max Weber: algunos aportes y desafíos 
300 |a 134 p 
942 |c BK 
945 |d 19890418 00:00:00 
260 |a Santiago  |b Atena  |c 1988 
600 0 7 |a WEBER, MAX  |2 CL-VaPUC  |9 314708 
650 0 |a Sociología política   |9 255920 
650 0 |a Sociología   |9 255410 
650 7 |a TEORIA  |2 CL-VaPUC  |9 314709 
583 |a last modification  |c 19890418 00:00:00  |k Rodrigo Vera 
999 |c 221414  |d 221412 
952 |0 0  |1 0  |4 0  |6 301_000000000000000_MOR_1988  |7 0  |8 A  |9 214725  |a BIBENE  |b BIBENE  |d 2019-11-15  |i 2832631  |o 301 MOR 1988  |p 2832631  |r 2025-01-15  |w 2019-11-15  |y BK  |k ICO 
952 |0 0  |1 0  |4 0  |6 301_000000000000000_MOR_1988  |7 0  |8 A  |9 214726  |a BIBENE  |b BIBENE  |d 2019-11-15  |i 283264K  |o 301 MOR 1988  |p 283264K  |r 2025-01-15  |w 2019-11-15  |y BK  |k ICO 
952 |0 0  |1 0  |4 0  |6 301_000000000000000_MOR_1988  |7 0  |8 A  |9 214727  |a BIBENE  |b BIBENE  |d 2019-11-15  |i 2832658  |o 301 MOR 1988  |p 2832658  |r 2025-01-15  |w 2019-11-15  |y BK  |k ICO 
952 |0 0  |1 0  |4 0  |6 301_000000000000000_MOR_1988  |7 0  |8 A  |9 214728  |a BIBENE  |b BIBENE  |d 2019-11-15  |i 2832666  |o 301 MOR 1988  |p 2832666  |r 2025-01-15  |w 2019-11-15  |y BK  |k ICO 
952 |0 0  |1 0  |4 0  |6 301_000000000000000_MOR_1988  |7 0  |8 A  |9 214729  |a BIBENE  |b BIBENE  |d 2019-11-15  |i 2832674  |o 301 MOR 1988  |p 2832674  |r 2025-01-15  |w 2019-11-15  |y BK  |k ICO 
952 |0 0  |1 0  |4 0  |6 301_000000000000000_MOR_1988  |7 0  |8 A  |9 214730  |a BIBENE  |b BIBENE  |d 2019-11-15  |i 2832682  |o 301 MOR 1988  |p 2832682  |r 2025-01-15  |w 2019-11-15  |y BK  |k ICO 
952 |0 0  |1 0  |4 0  |6 301_000000000000000_MOR_1988  |7 0  |8 A  |9 214731  |a BIBENE  |b BIBENE  |d 2019-11-15  |i 2832690  |o 301 MOR 1988  |p 2832690  |r 2025-01-15  |w 2019-11-15  |y BK  |k ICO 
952 |0 0  |1 0  |4 0  |6 301_000000000000000_MOR_1988  |7 0  |8 A  |9 214732  |a BIBENE  |b BIBENE  |d 2019-11-15  |i 2832704  |o 301 MOR 1988  |p 2832704  |r 2025-01-15  |w 2019-11-15  |y BK  |k ICO 
952 |0 0  |1 0  |4 0  |6 301_000000000000000_MOR_1988  |7 0  |8 A  |9 214733  |a BIBENE  |b BIBENE  |d 2019-11-15  |i 2832712  |o 301 MOR 1988  |p 2832712  |r 2025-01-15  |w 2019-11-15  |y BK  |k ICO 
952 |0 0  |1 0  |4 0  |6 301_000000000000000_MOR_1988  |7 0  |8 A  |9 214734  |a BIBENE  |b BIBENE  |d 2019-11-15  |i 2832720  |o 301 MOR 1988  |p 2832720  |r 2025-01-15  |w 2019-11-15  |y BK  |k ICO